| 000 | 00728cam a22002415a 4500 | ||
|---|---|---|---|
| 001 | 4982445 | ||
| 005 | 20171218115248.0 | ||
| 008 | 981026t1999 flua frb 001 0 eng d | ||
| 020 | _a0849307015 | ||
| 020 | _a9780849307010 | ||
| 040 |
_aDLC _cDLC _dDLC _dEG-ScBUE _beng |
||
| 082 | 0 | 4 |
_a621.67 _222 _bNEL |
| 100 | 1 | _aNelik, Lev. | |
| 245 | 1 | 0 |
_aCentrifugal and rotary pumps : _bfundamentals with applications / _cLev Nelik. |
| 260 |
_aBoca Raton : _bCRC Press, _cc.1999. |
||
| 300 |
_a137 p. : _bill. ; _c25 cm. |
||
| 504 | _aIncludes bibliographical references and index. | ||
| 650 | 7 |
_aCentrifugal pumps. _2BUEsh _97209 |
|
| 650 | 7 |
_aRotary pumps. _2BUEsh |
|
| 651 | _2BUEsh | ||
| 653 |
_bGGEN _cDecember2017 |
||
| 942 | _2ddc | ||
| 999 |
_c25727 _d25699 |
||